MARC details
| 000 -LEADER |
| fixed length control field |
03519nam a2200577 i 4500 |
| 001 - CONTROL NUMBER |
| control field |
3068529 |
| 005 - DATE AND TIME OF LATEST TRANSACTION |
| control field |
20240611122132.0 |
| 008 - FIXED-LENGTH DATA ELEMENTS--GENERAL INFORMATION |
| fixed length control field |
200914s2020 nyua c 000 0 eng d |
| 010 ## - LIBRARY OF CONGRESS CONTROL NUMBER |
| LC control number |
2019955023 |
| 020 ## - INTERNATIONAL STANDARD BOOK NUMBER |
| International Standard Book Number |
9781419748387 : |
| Terms of availability |
$24.99 |
| 020 ## - INTERNATIONAL STANDARD BOOK NUMBER |
| International Standard Book Number |
1419748386 : |
| Terms of availability |
$24.99 |
| 035 ## - SYSTEM CONTROL NUMBER |
| System control number |
(OCoLC)1141131244 |
| 035 ## - SYSTEM CONTROL NUMBER |
| System control number |
(OCoLC)on1141131244 |
| 035 ## - SYSTEM CONTROL NUMBER |
| System control number |
3051594 |
| 040 ## - CATALOGING SOURCE |
| Original cataloging agency |
PABRO |
| Language of cataloging |
eng |
| Description conventions |
rda |
| Transcribing agency |
PABRO |
| 049 ## - LOCAL HOLDINGS (OCLC) |
| Holding library |
IGAA |
| 050 #4 - LIBRARY OF CONGRESS CALL NUMBER |
| Classification number |
QH45.2 |
| Item number |
.W55 2020 |
| 082 04 - DEWEY DECIMAL CLASSIFICATION NUMBER |
| Classification number |
JNF Nature Bin |
| Edition number |
JNF Nature Bin |
| 092 ## - LOCALLY ASSIGNED DEWEY CALL NUMBER (OCLC) |
| Classification number |
508 |
| Item number |
W726S 2020 |
| 999 ## - SYSTEM CONTROL NUMBERS (KOHA) |
| Koha Dewey Subclass [OBSOLETE] |
508 W726S 2020 |
| 100 1# - MAIN ENTRY--PERSONAL NAME |
| Personal name |
Williams, Rachel DeLoache, |
| Relator term |
author. |
| 9 (RLIN) |
6440380 |
| 245 10 - TITLE STATEMENT |
| Title |
Slow down : |
| Remainder of title |
50 mindful moments in nature / |
| Statement of responsibility, etc |
written by Rachel Williams ; illustrated by Freya Hartas. |
| 264 #1 - Production, Publication, Distribution, Manufacture, and Copyright Notice. |
| Place of production, publication, distribution, manufacture |
New York : |
| Name of producer, publisher, distributor, manufacturer |
Magic Cat Publishing, |
| Date of production, publication, distribution, manufacture, or copyr |
2020. |
| 300 ## - PHYSICAL DESCRIPTION |
| Extent |
103 pages : |
| Other physical details |
color illustrations ; |
| Dimensions |
30 cm |
| 336 ## - Content Type |
| Content type term |
text |
| 337 ## - Media type |
| Media type term |
unmediated |
| 338 ## - Carrier type |
| Carrier type term |
volume |
| 520 ## - SUMMARY, ETC. |
| Summary, etc |
Slow down to watch 50 nature stories that command calm and foster mindfulness All around us, nature is working wonders. Every day, hour by hour, magical transformations happen right in front of you. But it's not always easy to see them . . . In this beautiful illustrated collection, 50 moments in nature are paused for you to watch them in detail. Then you should go outside, and explore, and see what you find when you take the time to slow down. Gorgeously illustrated, this charming collection celebrates the small wonders happening all around us every day. |
| 521 1# - TARGET AUDIENCE NOTE |
| Target audience note |
8-12 |
| Source |
Brodart. |
| 521 2# - TARGET AUDIENCE NOTE |
| Target audience note |
3-7 |
| Source |
Brodart. |
| 650 #0 - SUBJECT ADDED ENTRY--TOPICAL TERM |
| Topical term or geographic name as entry element |
Nature |
| Form subdivision |
Juvenile literature. |
| 9 (RLIN) |
5723805 |
| 650 #0 - SUBJECT ADDED ENTRY--TOPICAL TERM |
| Topical term or geographic name as entry element |
Animal behavior |
| Form subdivision |
Juvenile literature. |
| 9 (RLIN) |
5688062 |
| 650 #0 - SUBJECT ADDED ENTRY--TOPICAL TERM |
| Topical term or geographic name as entry element |
Mindfulness (Psychology) |
| Form subdivision |
Juvenile literature. |
| 9 (RLIN) |
5706335 |
| 650 #1 - SUBJECT ADDED ENTRY--TOPICAL TERM |
| Topical term or geographic name as entry element |
Nature. |
| 650 #1 - SUBJECT ADDED ENTRY--TOPICAL TERM |
| Topical term or geographic name as entry element |
Animal behavior. |
| 650 #1 - SUBJECT ADDED ENTRY--TOPICAL TERM |
| Topical term or geographic name as entry element |
Mindfulness (Psychology) |
| 9 (RLIN) |
5696574 |
| 650 #7 - SUBJECT ADDED ENTRY--TOPICAL TERM |
| Topical term or geographic name as entry element |
JUVENILE NONFICTION / Animals / General. |
| Source of heading or term |
bisacsh |
| 9 (RLIN) |
5741364 |
| 650 #7 - SUBJECT ADDED ENTRY--TOPICAL TERM |
| Topical term or geographic name as entry element |
JUVENILE NONFICTION / Science & Nature / Biology |
| Source of heading or term |
bisacsh |
| 9 (RLIN) |
5729918 |
| 650 #7 - SUBJECT ADDED ENTRY--TOPICAL TERM |
| Topical term or geographic name as entry element |
JUVENILE NONFICTION / Science & Nature / Environmental Science & Ecosystems |
| Source of heading or term |
bisacsh |
| 9 (RLIN) |
5729919 |
| 700 1# - ADDED ENTRY--PERSONAL NAME |
| Personal name |
Hartas, Freya, |
| Relator term |
illustrator. |
| 9 (RLIN) |
6016803 |
| 942 ## - ADDED ENTRY ELEMENTS (KOHA) |
| Source of classification or shelving scheme |
Dewey Decimal Classification |
| Koha item type |
BOOK |
| 948 ## - LOCAL PROCESSING INFORMATION (OCLC); SERIES PART DESIGNATOR (RLIN) |
| Series part designator, SPT (RLIN) |
BMK |
| b (OCLC) |
CHILDREN'S |
| p (OCLC) |
X122086614 |
| k (OCLC) |
J |
| h (OCLC) |
508 |
| i (OCLC) |
W726S 2020 |
| f (OCLC) |
1 |
| r (OCLC) |
2 |
| g (OCLC) |
1 |
| 7 (OCLC) |
0 |
| u (OCLC) |
3 |
| w (OCLC) |
11 |
| s (OCLC) |
0 |
| o (OCLC) |
BMK |
| 0 (OCLC) |
$24.99 |
| y (OCLC) |
99 |
| c (OCLC) |
88 |
| j (OCLC) |
Dewey Decimal |
| n (OCLC) |
On-Order |
| e (OCLC) |
1825580-1 |
| 9 (OCLC) |
Item generated Nov 3 2020 12:10PM |
| 948 ## - LOCAL PROCESSING INFORMATION (OCLC); SERIES PART DESIGNATOR (RLIN) |
| Series part designator, SPT (RLIN) |
BAP |
| b (OCLC) |
CHILDREN'S |
| p (OCLC) |
X122086648 |
| k (OCLC) |
J |
| h (OCLC) |
508 |
| i (OCLC) |
W726S 2020 |
| f (OCLC) |
1 |
| r (OCLC) |
2 |
| g (OCLC) |
1 |
| 7 (OCLC) |
0 |
| u (OCLC) |
3 |
| w (OCLC) |
11 |
| s (OCLC) |
0 |
| o (OCLC) |
BAP |
| 0 (OCLC) |
$24.99 |
| y (OCLC) |
99 |
| c (OCLC) |
88 |
| j (OCLC) |
Dewey Decimal |
| n (OCLC) |
On-Order |
| e (OCLC) |
1825580-3 |
| 9 (OCLC) |
Item generated Nov 3 2020 12:10PM |
| 948 ## - LOCAL PROCESSING INFORMATION (OCLC); SERIES PART DESIGNATOR (RLIN) |
| Series part designator, SPT (RLIN) |
BKR |
| b (OCLC) |
CHILDREN'S |
| p (OCLC) |
X122086630 |
| k (OCLC) |
J |
| h (OCLC) |
508 |
| i (OCLC) |
W726S 2020 |
| f (OCLC) |
1 |
| r (OCLC) |
2 |
| g (OCLC) |
1 |
| 7 (OCLC) |
0 |
| u (OCLC) |
3 |
| w (OCLC) |
11 |
| s (OCLC) |
0 |
| o (OCLC) |
BKR |
| 0 (OCLC) |
$24.99 |
| y (OCLC) |
99 |
| c (OCLC) |
88 |
| j (OCLC) |
Dewey Decimal |
| n (OCLC) |
On-Order |
| e (OCLC) |
1825580-2 |
| 9 (OCLC) |
Item generated Nov 3 2020 12:10PM |
| 948 ## - LOCAL PROCESSING INFORMATION (OCLC); SERIES PART DESIGNATOR (RLIN) |
| Series part designator, SPT (RLIN) |
BAR |
| b (OCLC) |
CHILDREN'S |
| p (OCLC) |
X122086622 |
| k (OCLC) |
J |
| h (OCLC) |
508 |
| i (OCLC) |
W726S 2020 |
| f (OCLC) |
1 |
| r (OCLC) |
2 |
| g (OCLC) |
1 |
| 7 (OCLC) |
0 |
| u (OCLC) |
3 |
| w (OCLC) |
11 |
| s (OCLC) |
0 |
| o (OCLC) |
BAR |
| 0 (OCLC) |
$24.99 |
| y (OCLC) |
99 |
| c (OCLC) |
88 |
| j (OCLC) |
Dewey Decimal |
| n (OCLC) |
On-Order |
| e (OCLC) |
1825580-4 |
| 9 (OCLC) |
Item generated Nov 3 2020 12:10PM |
| 948 ## - LOCAL PROCESSING INFORMATION (OCLC); SERIES PART DESIGNATOR (RLIN) |
| Series part designator, SPT (RLIN) |
CCL |
| b (OCLC) |
CHILDREN'S |
| p (OCLC) |
X122086606 |
| k (OCLC) |
J |
| h (OCLC) |
508 |
| i (OCLC) |
W726S 2020 |
| f (OCLC) |
1 |
| r (OCLC) |
2 |
| g (OCLC) |
1 |
| 7 (OCLC) |
0 |
| u (OCLC) |
3 |
| w (OCLC) |
11 |
| s (OCLC) |
0 |
| o (OCLC) |
CCL |
| 0 (OCLC) |
$24.99 |
| y (OCLC) |
99 |
| c (OCLC) |
88 |
| j (OCLC) |
Dewey Decimal |
| n (OCLC) |
On-Order |
| e (OCLC) |
1825580-5 |
| 9 (OCLC) |
Item generated Nov 3 2020 12:10PM |